Normal view
MARC view
- الفقه الاسلامي- الاسلام- متفرقات
Entry Topical Term
001 - CONTROL NUMBER
- control field: 23697
003 - CONTROL NUMBER IDENTIFIER
- control field: JO-AjAnu
005 - DATE AND TIME OF LATEST TRANSACTION
- control field: 20230606074054.0
008 - FIXED-LENGTH DATA ELEMENTS
- fixed length control field: 230606|| aca||aabn | a|a d
040 ## - CATALOGING SOURCE
- Original cataloging agency: JO-AjAnu
- Transcribing agency: JO-AjAnu
150 ## - HEADING--TOPICAL TERM
- Topical term or geographic name entry element: الفقه الاسلامي- الاسلام- متفرقات
670 ## - SOURCE DATA FOUND
- Source citation: Work cat.: (JO-AjAnu)12181: مخلوف، حسنين محمد, author 23696, فتاوى شرعية وبحوث إسلامية، ج2